[Event "Champigny sur Marne op 6th"]
[Site "Champigny sur Marne"]
[Date "2006.02.18"]
[Round "3"]
[White "Fima, Jean"]
[Black "Megelas, Florent"]
[Result "0-1"]
[WhiteElo "1530"]
[BlackElo "1420"]
[PlyCount "96"]
[EventDate "2006.02.16"]
[EventType "swiss"]
[EventRounds "6"]
[EventCountry "FRA"]
[SourceTitle "EXT 2007"]
[Source "ChessBase"]
[SourceDate "2006.11.23"]
[SourceVersion "1"]
[SourceVersionDate "2006.11.23"]
[SourceQuality "1"]

1. e4 e5 2. Nf3 Nc6 3. Bb5 Bc5 4. 0-0 Nf6 5. d3 h6 6. Bxc6 dxc6 7. Nxe5 0-0 8. Be3 Bd6 9. Nc4 Ng4 10. Nxd6 Qxd6 11. g3 Qg6 12. Nd2 Ne5 13. Bf4 Re8 14. Re1 Bh3 15. d4 Ng4 16. e5 h5 17. Nf3 Rad8 18. Nh4 Qe6 19. Qd3 c5 20. c3 cxd4 21. cxd4 Qb6 22. Rad1 c5 23. d5 c4 24. Qd4 Qxd4 25. Rxd4 b5 26. d6 f6 27. Nf3 fxe5 28. Bxe5 Rf8 29. Rf4 Nxe5 30. Rxf8+ Kxf8 31. Nxe5 Rxd6 32. f4 Rd2 33. Ng6+ Kf7 34. Ne5+ Kf6 35. b3 c3 36. Nf3 Rxa2 37. Rc1 b4 38. Nd4 a5 39. Rc2 Rb2 40. Rc1 Rd2 41. Nf3 Rg2+ 42. Kh1 Rb2 43. Nd4 a4 44. bxa4 b3 45. a5 c2 46. Ne2 Rb1 47. a6 Rxc1+ 48. Nxc1 b2 0-1